| 000 | 01594cam a22004577a 4500 | ||
|---|---|---|---|
| 999 |
_c71823 _d71823 |
||
| 003 | BJBSDDR | ||
| 005 | 20230410124136.0 | ||
| 007 | ta | ||
| 008 | 050330s2007 mx ae 000 0 spa d | ||
| 020 | _a9685616086 | ||
| 020 | _a9789685616089 | ||
| 029 | 1 |
_aPL# _b070011591 |
|
| 029 | 1 |
_aNZ1 _b12468216 |
|
| 029 | 1 |
_aAU@ _b000042943803 |
|
| 035 | _a(OCoLC)ocn159609844 | ||
| 035 | _a(OCoLC)159609844 | ||
| 040 |
_aPL# _cPL# _bspa |
||
| 041 | 0 |
_aspa _aeng |
|
| 042 | _alccopycat | ||
| 043 | _an-mx--- | ||
| 049 | _aGRAL | ||
| 050 | 1 | 4 |
_aNA 755.6 _bM516 2007 |
| 082 | 0 | 4 | _a728.0972 |
| 245 | 0 | 3 |
_aLo mejor del siglo XXI. _n2 : _barquitecturas mexicanas 2005-2006 = The best of the 21st century. _n2 : Mexican architecture 2005-2006 / _c[editor Miquel Adriá]. |
| 246 | 3 |
_aMejor del siglo XXI. _n2 |
|
| 246 | 3 |
_aLo mejor del siglo 21. _n2 |
|
| 246 | 3 | 1 |
_aBest of the 21st century. _n2 |
| 250 | _a1a ed. | ||
| 260 |
_aMéxico : _bArquine : _bEditorial RM, _cc2007. |
||
| 300 |
_a297 pages : _bcol. ill., plans ; _c30 cm. |
||
| 504 | _aIncludes bibliographical references and index. | ||
| 505 | _a[1] 2001-2004 2. 2005-2006 3. 2007-2008 4. 2009-2010 vol. 5. 2011-2012 vol. 6. 2013-2014 | ||
| 546 | _aTexts in Spanish and English. | ||
| 650 | 0 |
_aArchitecture _zMexico _xHistory _y21st century. |
|
| 650 | 4 |
_aArquitectura _zMéxico _xHistoria _ySiglo XXI _916975 |
|
| 650 | 4 |
_aArquitectura mexicana _ySiglo XX _vObras ilustradas _926225 |
|
| 650 | 4 |
_aArquitectos mexicanos _ySiglo XX _926226 |
|
| 700 | 1 |
_aAdrià, Miquel, _926227 _d1956- _eeditor |
|
| 942 |
_2lcc _cBK |
||
| 946 | _amm | ||